| 000 | 01492nam a2200373 i 4500 | ||
|---|---|---|---|
| 001 | 000015519 | ||
| 003 | DO-SdBNP | ||
| 005 | 20260514142409.0 | ||
| 007 | ta | ||
| 008 | 100211s2004 dr ||||| |||| 00| 0 spa d | ||
| 020 | _a999345415X (v.38) | ||
| 020 | _a9993454168 (v.39) | ||
| 040 |
_aDO-SdBNP _bspa _cBNPHU _erda |
||
| 041 | _aspa | ||
| 082 | 4 |
_aRD868.3 _bG216o 2004 _222 |
|
| 100 | 1 |
_aGarcía Godoy, Federico, _eautor _d1857-1924 _91669 _4aut. |
|
| 245 | 1 | 0 |
_aObras escogidas / _cFederico García Godoy ; edición, Andrés Blanco Díaz ; estudio preliminar, Manuel García-Cartagena |
| 264 | 1 |
_aSaanto Domingo : _bEdiciones de la Fundación Corripio, ING, _c2004. |
|
| 300 |
_avolúmenes ; _c24 cm. |
||
| 336 |
_atexto _btxt _2rdacontent |
||
| 337 |
_asin mediación _bn _2rdamedia |
||
| 338 |
_avolumen _bnc _2rdacarrier |
||
| 490 | 0 |
_aBiblioteca de clásicos Dominicanos ; _v38, 39 |
|
| 500 | _aIncluye referencias bibliográficas y notas al pie de las páginas | ||
| 505 |
_av.38-- _tTrilogía patriótica y el derrumbe _gv.39-- _tMiscelánea. |
||
| 590 | _aInventariado, 2024/BT | ||
| 600 | 1 | 0 |
_aGarcía Godoy, Federico, _d1857-1924 _91669 _xColecciones literarias |
| 650 | 7 |
_aLiteratura dominicana. _xHistoria y crítica _967 |
|
| 650 | 7 |
_aLiteratura dominicana _976585 |
|
| 700 | 1 |
_aBlanco Díaz, Andrés, _eeditor _9172 _4ed. |
|
| 700 | 1 |
_aGarcía-Cartagena, Manuel, _eestudio preliminar _912067 |
|
| 910 | _aBtavárez. Validado. Control de calidad MFF | ||
| 942 |
_2ddc _cLBS1 |
||
| 999 |
_c57691 _d57691 |
||